300 Digits of Pi - Statistics

General Stats
  • This quiz has been taken 229 times
  • The average score is 134 of 300
Answer Stats
% Correct
3
100%
1
93%
1
93%
4
93%
2
90%
5
90%
6
90%
9
90%
3
87%
5
87%
5
87%
8
83%
9
80%
0
77%
1
77%
1
77%
2
77%
2
77%
2
77%
2
77%
3
77%
3
77%
3
77%
3
77%
3
77%
3
77%
4
77%
4
77%
4
77%
5
77%
6
77%
6
77%
6
77%
7
77%
7
77%
7
77%
8
77%
8
77%
8
77%
8
77%
9
77%
9
77%
9
77%
9
77%
9
77%
0
73%
1
73%
3
73%
5
73%
5
73%
7
73%
9
73%
0
70%
2
70%
8
70%
7
67%
9
67%
0
63%
2
63%
3
63%
4
63%
4
63%
4
63%
5
63%
7
63%
8
63%
9
63%
9
63%
0
60%
1
60%
2
60%
4
60%
6
60%
6
60%
6
60%
8
60%
0
57%
2
57%
8
57%
9
57%
0
53%
2
53%
3
53%
4
53%
6
53%
8
53%
8
53%
9
53%
8
50%
0
47%
0
47%
0
47%
0
47%
1
47%
1
47%
1
47%
1
47%
2
47%
2
47%
2
47%
2
47%
2
47%
3
47%
3
47%
3
47%
3
47%
4
47%
4
47%
4
47%
5
47%
5
47%
6
47%
6
47%
6
47%
6
47%
7
47%
7
47%
7
47%
8
47%
8
47%
8
47%
8
47%
8
47%
9
47%
9
47%
0
43%
0
43%
0
43%
1
43%
1
43%
2
43%
2
43%
2
43%
2
43%
3
43%
3
43%
4
43%
4
43%
4
43%
5
43%
5
43%
5
43%
5
43%
5
43%
6
43%
7
43%
8
43%
8
43%
8
43%
9
43%
9
43%
0
40%
0
40%
0
40%
1
40%
1
40%
1
40%
1
40%
1
40%
2
40%
2
40%
2
40%
3
40%
4
40%
4
40%
4
40%
5
40%
5
40%
7
40%
7
40%
8
40%
8
40%
8
40%
9
40%
0
37%
0
37%
1
37%
1
37%
1
37%
2
37%
2
37%
3
37%
3
37%
4
37%
4
37%
4
37%
4
37%
5
37%
5
37%
5
37%
5
37%
6
37%
6
37%
8
37%
8
37%
9
37%
9
37%
9
37%
9
37%
0
33%
1
33%
1
33%
2
33%
2
33%
3
33%
3
33%
4
33%
4
33%
4
33%
4
33%
4
33%
5
33%
5
33%
6
33%
6
33%
6
33%
6
33%
7
33%
7
33%
8
33%
8
33%
8
33%
9
33%
9
33%
9
33%
2
30%
3
30%
4
30%
5
30%
6
30%
8
30%
3
27%
3
27%
6
27%
7
27%
7
27%
8
27%
8
27%
0
23%
0
23%
1
23%
1
23%
1
23%
1
23%
2
23%
2
23%
2
23%
3
23%
4
23%
4
23%
4
23%
5
23%
5
23%
5
23%
6
23%
6
23%
6
23%
6
23%
7
23%
8
23%
9
23%
9
23%
9
23%
0
20%
3
20%
6
20%
0
17%
0
17%
0
17%
1
17%
1
17%
1
17%
1
17%
2
17%
2
17%
2
17%
2
17%
2
17%
3
17%
3
17%
3
17%
3
17%
4
17%
4
17%
4
17%
4
17%
4
17%
4
17%
5
17%
6
17%
6
17%
6
17%
6
17%
6
17%
7
17%
7
17%
8
17%
8
17%
9
17%
9
17%
No matching quizzes found
Score Distribution
Percent of People with Each Score
Percentile by Number Answered
Your Score History
You have not taken this quiz